[Event "1SM"]
[Site "Sharjah Chess Club"]
[Date "2017.03.31"]
[Round "9.10"]
[White "Adly, Ahmed"]
[Black "Anton Guijarro, David"]
[Result "1-0"]
[BlackElo "2676"]
[WhiteElo "2593"]
[LiveChessVersion "1.4.8"]

1. Nf3 {[%clk 1:40:21]} f5 {[%clk 1:40:10]} 2. g3 {[%clk 1:40:14]} Nf6
{[%clk 1:40:11]} 3. Bg2 {[%clk 1:40:38]} g6 {[%clk 1:40:31]} 4. c4
{[%clk 1:40:48]} Bg7 {[%clk 1:40:47]} 5. O-O {[%clk 1:41:08]} O-O
{[%clk 1:40:47]} 6. Nc3 {[%clk 1:41:33]} d6 {[%clk 1:41:02]} 7. d4
{[%clk 1:41:21]} c6 {[%clk 1:41:24]} 8. Qc2 {[%clk 1:41:28]} Na6 {[%clk 1:41:22]}
9. Re1 {[%clk 1:41:31]} Re8 {[%clk 1:31:31]} 10. Bg5 {[%clk 1:39:57]} e5
{[%clk 1:23:44]} 11. dxe5 {[%clk 1:39:44]} dxe5 {[%clk 1:24:09]} 12. Rad1
{[%clk 1:39:56]} Qe7 {[%clk 1:11:56]} 13. e4 {[%clk 1:40:18]} Nc5
{[%clk 1:12:25]} 14. Qc1 {[%clk 0:58:51]} Qf8 {[%clk 1:00:59]} 15. Nh4
{[%clk 0:51:02]} Nfxe4 {[%clk 0:45:55]} 16. Bxe4 {[%clk 0:49:14]} fxe4
{[%clk 0:46:07]} 17. Nxe4 {[%clk 0:49:41]} Bg4 {[%clk 0:41:26]} 18. Nxc5
{[%clk 0:44:02]} Qxc5 {[%clk 0:41:24]} 19. Be3 {[%clk 0:44:23]} Qe7
{[%clk 0:39:14]} 20. Bg5 {[%clk 0:39:55]} Qf7 {[%clk 0:39:01]} 21. f3
{[%clk 0:40:12]} Be6 {[%clk 0:38:33]} 22. b3 {[%clk 0:39:53]} a5 {[%clk 0:38:49]}
23. Bh6 {[%clk 0:35:57]} Bh8 {[%clk 0:39:05]} 24. Bd2 {[%clk 0:36:20]} a4
{[%clk 0:38:02]} 25. Bc3 {[%clk 0:36:39]} axb3 {[%clk 0:37:43]} 26. axb3
{[%clk 0:37:06]} Bh3 {[%clk 0:37:21]} 27. Rd3 {[%clk 0:25:32]} b5
{[%clk 0:23:54]} 28. cxb5 {[%clk 0:20:02]} cxb5 {[%clk 0:24:19]} 29. Rde3
{[%clk 0:20:28]} Bg7 {[%clk 0:09:21]} 30. Bxe5 {[%clk 0:15:42]} Bxe5
{[%clk 0:09:37]} 31. Rxe5 {[%clk 0:16:10]} Rxe5 {[%clk 0:07:28]} 32. Rxe5
{[%clk 0:16:38]} Qxb3 {[%clk 0:07:31]} 33. g4 {[%clk 0:12:03]} Qd3
{[%clk 0:06:10]} 34. Nf5 {[%clk 0:09:06]} b4 {[%clk 0:03:34]} 35. Kf2
{[%clk 0:04:54]} Kh8 {[%clk 0:00:52]} 36. Qb2 {[%clk 0:02:08]} Qc3
{[%clk 0:00:48]} 37. Qxc3 {[%clk 0:02:16]} bxc3 {[%clk 0:01:14]} 38. Nd6
{[%clk 0:00:52]} Ra2+ {[%clk 0:00:59]} 39. Kg3 {[%clk 0:00:42]} Bf1
{[%clk 0:01:20]} 40. g5 {[%clk 0:00:51]} Re2 {[%clk 0:01:03]} 41. Rc5
{[%clk 0:01:02]} c2 {[%clk 0:01:22]} 42. Ne4 {[%clk 0:00:54]} Kg7
{[%clk 0:00:52]} 43. Kf4 {[%clk 0:00:48]} Rxh2 {[%clk 0:00:59]} 44. Ke5
{[%clk 0:00:41]} Bd3 {[%clk 0:00:40]} 45. Rc7+ {[%clk 0:00:46]} Kf8
{[%clk 0:00:53]} 46. Ke6 {[%clk 0:00:39]} Rh1 {[%clk 0:00:34]} 47. Rf7+
{[%clk 0:00:39]} 1-0

[Event "1SM"]
[Site "Sharjah Chess Club"]
[Date "2017.03.31"]
[Round "9.11"]
[White "Jones, Gawain C B"]
[Black "Xu, Xiangyu"]
[Result "0-1"]
[BlackElo "2503"]
[WhiteElo "2676"]
[LiveChessVersion "1.4.8"]

1. d4 {[%clk 1:35:54]} Nf6 {[%clk 1:40:17]} 2. Nf3 {[%clk 1:36:17]} d5
{[%clk 1:40:34]} 3. c4 {[%clk 1:35:18]} c6 {[%clk 1:40:55]} 4. Nc3
{[%clk 1:32:54]} e6 {[%clk 1:41:16]} 5. e3 {[%clk 1:33:03]} Nbd7 {[%clk 1:41:37]}
6. Bd3 {[%clk 1:33:06]} dxc4 {[%clk 1:41:58]} 7. Bxc4 {[%clk 1:33:31]} b5
{[%clk 1:42:23]} 8. Bd3 {[%clk 1:33:25]} b4 {[%clk 1:42:46]} 9. Na4
{[%clk 1:29:29]} Bb7 {[%clk 1:43:08]} 10. a3 {[%clk 1:27:31]} a5 {[%clk 1:35:42]}
11. O-O {[%clk 1:24:29]} Bd6 {[%clk 1:09:41]} 12. e4 {[%clk 1:17:00]} e5
{[%clk 1:09:58]} 13. dxe5 {[%clk 1:14:58]} Nxe5 {[%clk 1:10:17]} 14. Nxe5
{[%clk 1:15:14]} Bxe5 {[%clk 1:10:38]} 15. Nc5 {[%clk 1:12:59]} Qe7
{[%clk 1:00:15]} 16. Nxb7 {[%clk 1:12:02]} Qxb7 {[%clk 1:00:37]} 17. axb4
{[%clk 1:12:14]} axb4 {[%clk 0:58:55]} 18. Rxa8+ {[%clk 1:12:32]} Qxa8
{[%clk 0:59:18]} 19. f4 {[%clk 1:12:55]} Bd4+ {[%clk 0:27:07]} 20. Kh1
{[%clk 1:13:17]} h5 {[%clk 0:27:30]} 21. e5 {[%clk 0:58:09]} Ng4 {[%clk 0:27:52]}
22. Be4 {[%clk 0:58:28]} Qa6 {[%clk 0:27:06]} 23. Bd3 {[%clk 0:48:39]} Qa7
{[%clk 0:27:12]} 24. e6 {[%clk 0:41:25]} fxe6 {[%clk 0:18:04]} 25. Qe2
{[%clk 0:41:19]} Kd8 {[%clk 0:09:52]} 26. h3 {[%clk 0:38:05]} Qc5
{[%clk 0:05:37]} 27. Bg6 {[%clk 0:34:20]} Nf2+ {[%clk 0:02:01]} 28. Kh2
{[%clk 0:34:44]} e5 {[%clk 0:02:21]} 29. f5 {[%clk 0:27:37]} Kc7 {[%clk 0:01:15]}
30. Bg5 {[%clk 0:27:12]} e4 {[%clk 0:00:49]} 31. Bf4+ {[%clk 0:20:38]} Kb6
{[%clk 0:01:15]} 32. Ra1 {[%clk 0:17:22]} Nd3 {[%clk 0:01:38]} 33. g3
{[%clk 0:15:15]} h4 {[%clk 0:01:30]} 34. Kg2 {[%clk 0:12:51]} hxg3
{[%clk 0:01:47]} 35. Bxg3 {[%clk 0:13:12]} Be5 {[%clk 0:02:10]} 36. Bxe5
{[%clk 0:08:24]} Qxe5 {[%clk 0:02:36]} 37. Qe3+ {[%clk 0:08:51]} c5
{[%clk 0:03:02]} 38. Rf1 {[%clk 0:09:16]} Qxb2+ {[%clk 0:03:02]} 39. Kg1
{[%clk 0:09:42]} Ne5 {[%clk 0:02:06]} 40. Qg3 Qd4+ {[%clk 0:02:12]} 41. Kg2
{[%clk 0:08:55]} e3 {[%clk 0:01:47]} 42. f6 {[%clk 0:08:22]} Qd2+
{[%clk 0:01:31]} 43. Kg1 {[%clk 0:08:48]} e2 {[%clk 0:01:21]} 44. Qxe5
{[%clk 0:09:07]} Qd4+ {[%clk 0:01:31]} 45. Qxd4 {[%clk 0:09:32]} exf1=Q+
{[%clk 0:01:55]} 46. Kxf1 {[%clk 0:09:57]} cxd4 {[%clk 0:02:19]} 47. f7
{[%clk 0:09:44]} Kc7 {[%clk 0:02:03]} 48. Ke2 {[%clk 0:09:49]} Kd6
{[%clk 0:02:27]} 49. h4 {[%clk 0:10:03]} Ke7 {[%clk 0:02:53]} 50. h5
{[%clk 0:10:29]} b3 {[%clk 0:03:16]} 51. Kd3 {[%clk 0:10:41]} Rc8
{[%clk 0:03:29]} 52. Bf5 {[%clk 0:10:30]} Rc1 {[%clk 0:03:53]} 53. Kxd4 0-1

[Event "1SM"]
[Site "Sharjah Chess Club"]
[Date "2017.03.31"]
[Round "9.12"]
[White "Iturrizaga Bonelli, Eduardo"]
[Black "Abdusattorov, Nodirbek"]
[Result "1/2-1/2"]
[BlackElo "2429"]
[WhiteElo "2673"]
[LiveChessVersion "1.4.8"]

1. c4 {[%clk 1:40:58]} e6 {[%clk 1:40:41]} 2. Nf3 {[%clk 1:40:35]} Nf6
{[%clk 1:40:57]} 3. Nc3 {[%clk 1:40:28]} d5 {[%clk 1:41:08]} 4. d4
{[%clk 1:40:55]} a6 {[%clk 1:41:20]} 5. cxd5 {[%clk 1:37:29]} exd5
{[%clk 1:41:45]} 6. Bg5 {[%clk 1:37:55]} Be6 {[%clk 1:42:05]} 7. e3
{[%clk 1:38:22]} Nbd7 {[%clk 1:42:06]} 8. Bd3 {[%clk 1:38:49]} c6
{[%clk 1:42:17]} 9. Bf4 {[%clk 1:39:17]} h6 {[%clk 1:41:02]} 10. h3
{[%clk 1:39:11]} Be7 {[%clk 1:40:25]} 11. O-O {[%clk 1:14:10]} O-O
{[%clk 1:36:22]} 12. Bh2 {[%clk 1:11:37]} c5 {[%clk 1:33:06]} 13. Kh1
{[%clk 1:05:35]} cxd4 {[%clk 1:30:08]} 14. exd4 {[%clk 1:04:23]} Nb6
{[%clk 1:22:39]} 15. Ne5 {[%clk 0:58:04]} Nc4 {[%clk 1:21:39]} 16. Qe2
{[%clk 0:57:49]} Nd6 {[%clk 1:12:23]} 17. g4 {[%clk 0:44:12]} Nfe4
{[%clk 1:08:09]} 18. Nd1 {[%clk 0:41:35]} Qe8 {[%clk 1:04:13]} 19. f3
{[%clk 0:39:49]} f6 {[%clk 1:03:53]} 20. fxe4 {[%clk 0:20:02]} fxe5
{[%clk 1:04:03]} 21. Nc3 {[%clk 0:20:15]} dxe4 {[%clk 0:55:18]} 22. Nxe4
{[%clk 0:20:24]} Bd5 {[%clk 0:54:04]} 23. dxe5 {[%clk 0:19:13]} Nxe4
{[%clk 0:54:27]} 24. Bxe4 {[%clk 0:19:39]} Qb5 {[%clk 0:52:58]} 25. Bxd5+
{[%clk 0:18:59]} Qxd5+ {[%clk 0:53:27]} 26. Qg2 {[%clk 0:19:26]} Rxf1+
{[%clk 0:53:21]} 27. Rxf1 {[%clk 0:19:48]} Rd8 {[%clk 0:53:29]} 28. Qxd5+
{[%clk 0:09:10]} Rxd5 {[%clk 0:53:57]} 29. e6 {[%clk 0:09:07]} Bf6
{[%clk 0:49:26]} 30. Bf4 {[%clk 0:09:11]} Kf8 {[%clk 0:46:28]} 31. Bxh6
{[%clk 0:09:21]} Ke8 {[%clk 0:46:56]} 32. Bc1 {[%clk 0:03:40]} Ke7
{[%clk 0:46:56]} 33. b3 {[%clk 0:02:15]} Kxe6 {[%clk 0:47:17]} 34. Kg2
{[%clk 0:02:32]} a5 {[%clk 0:46:45]} 35. Re1+ {[%clk 0:02:40]} Kf7
{[%clk 0:46:26]} 36. Kf3 {[%clk 0:02:47]} Rd3+ {[%clk 0:45:26]} 37. Be3
{[%clk 0:03:07]} Rc3 {[%clk 0:45:36]} 38. Ke4 {[%clk 0:01:25]} a4
{[%clk 0:44:12]} 39. g5 {[%clk 0:01:01]} Be7 {[%clk 0:44:04]} 40. bxa4
{[%clk 0:00:34]} Ra3 {[%clk 0:44:14]} 41. Kf5 {[%clk 0:00:38]} g6+
{[%clk 0:44:04]} 42. Ke5 {[%clk 0:01:05]} Rxa4 {[%clk 0:44:19]} 43. Rf1+
{[%clk 0:01:23]} Ke8 {[%clk 0:44:37]} 44. Rb1 {[%clk 0:00:34]} Rxa2
{[%clk 0:44:22]} 45. Rxb7 {[%clk 0:00:38]} Ra5+ {[%clk 0:44:18]} 46. Ke6
{[%clk 0:00:54]} Ra6+ {[%clk 0:44:40]} 47. Kd5 {[%clk 0:00:44]} Ra5+
{[%clk 0:44:59]} 48. Ke6 {[%clk 0:00:41]} Ra6+ {[%clk 0:45:27]} 49. Bb6
{[%clk 0:01:02]} Bd8 {[%clk 0:45:49]} 50. Rb8 {[%clk 0:01:27]} Rxb6+
{[%clk 0:46:16]} 51. Rxb6 {[%clk 0:01:54]} Bxb6 {[%clk 0:46:40]} 52. Kf6
{[%clk 0:02:22]} 1/2-1/2

[Event "1SM"]
[Site "Sharjah Chess Club"]
[Date "2017.03.31"]
[Round "9.13"]
[White "Laxman, R.R."]
[Black "Sargissian, Gabriel"]
[Result "0-1"]
[BlackElo "2666"]
[WhiteElo "2403"]
[LiveChessVersion "1.4.8"]

1. Nf3 {[%clk 1:40:52]} Nf6 {[%clk 1:39:28]} 2. c4 {[%clk 1:41:14]} c5
{[%clk 1:38:44]} 3. e3 {[%clk 1:40:49]} g6 {[%clk 1:37:31]} 4. d4
{[%clk 1:41:11]} Bg7 {[%clk 1:37:55]} 5. dxc5 {[%clk 1:37:53]} Na6
{[%clk 1:36:18]} 6. Nc3 {[%clk 1:38:15]} Nxc5 {[%clk 1:36:27]} 7. Be2
{[%clk 1:38:41]} b6 {[%clk 1:31:57]} 8. Nd4 {[%clk 1:37:43]} Bb7 {[%clk 1:32:14]}
9. f3 {[%clk 1:37:58]} d5 {[%clk 1:27:50]} 10. cxd5 {[%clk 1:37:41]} Nxd5
{[%clk 1:27:45]} 11. Bb5+ {[%clk 1:37:30]} Kf8 {[%clk 1:27:47]} 12. O-O
{[%clk 1:36:29]} Nxc3 {[%clk 1:13:58]} 13. bxc3 {[%clk 1:36:50]} Qc7
{[%clk 1:14:23]} 14. Rf2 {[%clk 1:31:21]} Be5 {[%clk 1:12:40]} 15. g3
{[%clk 1:31:42]} h5 {[%clk 1:11:58]} 16. e4 {[%clk 1:30:11]} h4 {[%clk 1:10:39]}
17. g4 {[%clk 1:30:35]} Rd8 {[%clk 1:08:19]} 18. Be3 {[%clk 1:29:40]} Bf4
{[%clk 1:08:15]} 19. Qd2 {[%clk 1:29:36]} Bxe3 {[%clk 1:08:27]} 20. Qxe3
{[%clk 1:30:04]} e5 {[%clk 1:08:43]} 21. Nb3 {[%clk 1:28:59]} Ne6
{[%clk 1:09:03]} 22. Bf1 {[%clk 1:28:49]} Kg7 {[%clk 1:08:21]} 23. a4
{[%clk 1:29:02]} Rd6 {[%clk 1:04:48]} 24. a5 {[%clk 1:28:39]} Rc8
{[%clk 0:59:12]} 25. c4 {[%clk 1:27:26]} Rcd8 {[%clk 0:58:42]} 26. axb6
{[%clk 1:27:41]} axb6 {[%clk 0:58:45]} 27. Qc3 {[%clk 1:27:14]} R6d7
{[%clk 0:53:02]} 28. Raa2 {[%clk 1:25:01]} Nf4 {[%clk 0:42:45]} 29. Rfd2
{[%clk 1:24:48]} Rxd2 {[%clk 0:41:13]} 30. Rxd2 {[%clk 1:24:35]} Rxd2
{[%clk 0:41:35]} 31. Qxd2 {[%clk 1:24:51]} Bc8 {[%clk 0:41:10]} 32. Qb4
{[%clk 1:21:58]} Ne6 {[%clk 0:41:18]} 33. Qe1 {[%clk 1:20:35]} Qd6
{[%clk 0:39:49]} 34. Qc3 {[%clk 1:18:49]} Bd7 {[%clk 0:37:19]} 35. Qa1
{[%clk 1:17:37]} b5 {[%clk 0:28:38]} 36. Qc3 {[%clk 1:11:46]} b4 {[%clk 0:27:27]}
37. Qa1 {[%clk 1:10:49]} Ng5 {[%clk 0:22:16]} 38. Be2 {[%clk 1:10:16]} Nh3+
{[%clk 0:22:10]} 39. Kf1 {[%clk 1:10:06]} Qf6 {[%clk 0:18:56]} 40. Kg2
{[%clk 1:06:21]} Nf4+ {[%clk 0:19:03]} 41. Kf2 {[%clk 1:06:49]} Ne6
{[%clk 0:12:22]} 42. Qa7 {[%clk 1:06:48]} Qf4 {[%clk 0:12:16]} 43. Kg1
{[%clk 1:05:29]} Ng5 {[%clk 0:11:59]} 44. Qxd7 {[%clk 1:05:23]} Qe3+
{[%clk 0:12:15]} 45. Kf1 {[%clk 1:05:46]} Nxf3 {[%clk 0:08:27]} 46. Bxf3
{[%clk 1:05:38]} Qxf3+ {[%clk 0:08:53]} 47. Ke1 {[%clk 1:05:35]} Qe3+
{[%clk 0:09:10]} 48. Kf1 {[%clk 1:06:00]} Qxb3 {[%clk 0:09:25]} 49. Qc7
{[%clk 1:06:01]} Qf3+ {[%clk 0:08:44]} 50. Ke1 {[%clk 1:06:25]} Qxe4+
{[%clk 0:08:52]} 0-1

[Event "1SM"]
[Site "Sharjah Chess Club"]
[Date "2017.03.31"]
[Round "9.14"]
[White "Gledura, Benjamin"]
[Black "Kuzubov, Yuriy"]
[Result "1/2-1/2"]
[BlackElo "2643"]
[WhiteElo "2588"]
[LiveChessVersion "1.4.8"]

1. d4 {[%clk 1:40:56]} Nf6 {[%clk 1:40:39]} 2. Nf3 {[%clk 1:41:15]} d5
{[%clk 1:40:34]} 3. c4 {[%clk 1:41:33]} e6 {[%clk 1:40:49]} 4. g3
{[%clk 1:41:53]} Bb4+ {[%clk 1:41:08]} 5. Bd2 {[%clk 1:42:15]} Be7
{[%clk 1:41:33]} 6. Bg2 {[%clk 1:42:34]} O-O {[%clk 1:41:52]} 7. O-O
{[%clk 1:42:52]} c6 {[%clk 1:42:11]} 8. Qc2 {[%clk 1:43:05]} b6 {[%clk 1:41:10]}
9. Bf4 {[%clk 1:42:53]} Bb7 {[%clk 1:35:45]} 10. Rd1 {[%clk 1:42:23]} Nbd7
{[%clk 1:35:40]} 11. Ne5 {[%clk 1:42:29]} Nh5 {[%clk 1:35:50]} 12. Bd2
{[%clk 1:42:15]} Nhf6 {[%clk 1:36:14]} 13. Bf4 {[%clk 1:41:29]} Nh5
{[%clk 1:36:39]} 14. Bd2 {[%clk 1:41:53]} Nhf6 {[%clk 1:37:05]} 15. cxd5
{[%clk 1:42:00]} cxd5 {[%clk 1:37:31]} 16. Nc6 {[%clk 1:42:18]} Bxc6
{[%clk 1:37:58]} 17. Qxc6 {[%clk 1:42:43]} a6 {[%clk 1:38:25]} 18. Qc2
{[%clk 1:42:00]} b5 {[%clk 1:35:53]} 19. Qd3 {[%clk 1:34:39]} Nb6
{[%clk 1:22:39]} 20. b3 {[%clk 1:32:14]} Qd7 {[%clk 0:56:47]} 21. Ba5
{[%clk 1:16:28]} Qc6 {[%clk 0:33:54]} 22. a3 {[%clk 1:08:39]} Rfc8
{[%clk 0:31:53]} 23. Ra2 {[%clk 1:07:59]} Bd8 {[%clk 0:24:21]} 24. f3
{[%clk 0:51:12]} Nfd7 {[%clk 0:17:13]} 25. e3 {[%clk 0:41:04]} Nb8
{[%clk 0:14:15]} 26. Bd2 {[%clk 0:34:50]} Qd7 {[%clk 0:13:42]} 27. Bf1
{[%clk 0:33:05]} Nc6 {[%clk 0:13:27]} 28. Rc1 {[%clk 0:32:14]} e5
{[%clk 0:12:16]} 29. Rac2 {[%clk 0:29:54]} exd4 {[%clk 0:02:34]} 30. exd4
{[%clk 0:30:11]} Bf6 {[%clk 0:01:17]} 31. Be3 {[%clk 0:28:26]} Nd8
{[%clk 0:01:22]} 32. Rxc8 {[%clk 0:23:35]} Rxc8 {[%clk 0:01:49]} 33. Rxc8
{[%clk 0:23:53]} Qxc8 {[%clk 0:02:13]} 34. Nc3 {[%clk 0:22:43]} Nc6
{[%clk 0:01:53]} 35. Bf2 {[%clk 0:22:52]} Be7 {[%clk 0:00:42]} 36. a4
{[%clk 0:15:34]} bxa4 {[%clk 0:01:05]} 37. Nxa4 {[%clk 0:15:56]} Nxa4
{[%clk 0:01:24]} 38. bxa4 {[%clk 0:16:24]} Nb4 {[%clk 0:01:39]} 39. Qe2
{[%clk 0:16:37]} Bf8 {[%clk 0:01:46]} 40. Be1 {[%clk 0:14:56]} Qc6
{[%clk 0:01:37]} 41. Bxb4 {[%clk 0:14:57]} Bxb4 {[%clk 0:02:02]} 42. Qxa6
{[%clk 0:15:20]} Qxa6 {[%clk 0:02:00]} 43. Bxa6 {[%clk 0:15:48]} Kf8
{[%clk 0:01:52]} 44. Bb7 {[%clk 0:15:24]} Bc3 {[%clk 0:02:15]} 45. Kf1
{[%clk 0:14:25]} Bxd4 {[%clk 0:02:31]} 46. a5 {[%clk 0:14:44]} Ke7
{[%clk 0:02:40]} 47. Bxd5 {[%clk 0:14:55]} f6 {[%clk 0:01:58]} 48. Ke2
{[%clk 0:14:01]} Kd6 {[%clk 0:02:06]} 49. Bg8 {[%clk 0:12:35]} h6
{[%clk 0:02:14]} 50. Kd3 {[%clk 0:12:45]} Bg1 {[%clk 0:02:28]} 51. a6
{[%clk 0:12:41]} Kc7 {[%clk 0:02:16]} 52. h3 {[%clk 0:12:23]} f5 {[%clk 0:02:04]}
53. Ke2 {[%clk 0:09:14]} f4 {[%clk 0:02:03]} 54. g4 {[%clk 0:09:06]} Kb6
{[%clk 0:02:29]} 55. Bc4 {[%clk 0:09:30]} g5 {[%clk 0:02:34]} 56. Kd3
{[%clk 0:08:50]} Bf2 {[%clk 0:02:57]} 57. Ke4 {[%clk 0:09:12]} Ka7
{[%clk 0:03:21]} 58. Kd4 1/2-1/2

[Event "1SM"]
[Site "Sharjah Chess Club"]
[Date "2017.03.31"]
[Round "9.15"]
[White "Harika, Dronavalli"]
[Black "Oleksiyenko, Mykhaylo"]
[Result "1/2-1/2"]
[BlackElo "2643"]
[WhiteElo "2539"]
[LiveChessVersion "1.4.8"]

1. e4 {[%clk 1:40:41]} c5 {[%clk 1:40:53]} 2. Nf3 {[%clk 1:41:03]} e6
{[%clk 1:41:17]} 3. d4 {[%clk 1:41:25]} cxd4 {[%clk 1:41:43]} 4. Nxd4
{[%clk 1:41:49]} Nc6 {[%clk 1:42:11]} 5. Nc3 {[%clk 1:42:07]} Qc7
{[%clk 1:42:31]} 6. Be2 {[%clk 1:41:37]} a6 {[%clk 1:42:39]} 7. O-O Nf6
{[%clk 1:41:58]} 8. Be3 {[%clk 1:39:45]} Be7 {[%clk 1:42:21]} 9. f4
{[%clk 1:38:58]} d6 {[%clk 1:42:46]} 10. a4 {[%clk 1:38:30]} O-O {[%clk 1:42:59]}
11. Kh1 {[%clk 1:38:44]} Re8 {[%clk 1:41:13]} 12. Bf3 {[%clk 1:38:44]} Rb8
{[%clk 1:39:21]} 13. g4 {[%clk 1:38:07]} d5 {[%clk 1:39:29]} 14. e5
{[%clk 1:38:16]} Nxd4 {[%clk 1:39:52]} 15. Bxd4 {[%clk 1:37:58]} Nd7
{[%clk 1:40:19]} 16. Bg2 {[%clk 1:35:06]} Bc5 {[%clk 1:36:50]} 17. Ne2
{[%clk 1:31:16]} b5 {[%clk 1:35:35]} 18. axb5 {[%clk 1:28:24]} axb5
{[%clk 1:35:43]} 19. Qd2 {[%clk 1:24:39]} b4 {[%clk 1:35:18]} 20. Qe3
{[%clk 1:09:11]} Bxd4 {[%clk 1:28:34]} 21. Nxd4 {[%clk 1:08:41]} Qc5
{[%clk 1:28:56]} 22. Qd2 {[%clk 1:01:44]} f6 {[%clk 1:11:20]} 23. Rae1
{[%clk 0:51:47]} fxe5 {[%clk 1:06:39]} 24. fxe5 {[%clk 0:52:13]} Rb6
{[%clk 1:06:57]} 25. h4 {[%clk 0:51:28]} Rf8 {[%clk 1:05:57]} 26. g5
{[%clk 0:48:10]} Rxf1+ {[%clk 0:57:18]} 27. Rxf1 {[%clk 0:41:37]} Ba6
{[%clk 0:51:26]} 28. Rf2 {[%clk 0:38:47]} Qe7 {[%clk 0:51:47]} 29. Qf4
{[%clk 0:34:06]} Nc5 {[%clk 0:52:09]} 30. Kh2 {[%clk 0:32:43]} b3
{[%clk 0:50:09]} 31. Bh3 {[%clk 0:32:03]} Bc8 {[%clk 0:42:36]} 32. Qe3
{[%clk 0:30:41]} Ne4 {[%clk 0:41:55]} 33. Rg2 {[%clk 0:27:11]} Qc7
{[%clk 0:16:04]} 34. Qf4 {[%clk 0:27:13]} Qf7 {[%clk 0:16:19]} 35. Qxf7+
{[%clk 0:25:37]} Kxf7 {[%clk 0:16:47]} 36. Nxb3 {[%clk 0:25:51]} Rb4
{[%clk 0:17:06]} 37. Rg4 {[%clk 0:22:57]} Bb7 {[%clk 0:14:50]} 38. Rf4+
{[%clk 0:22:25]} Ke7 {[%clk 0:15:18]} 39. Bg2 {[%clk 0:21:53]} Bc6
{[%clk 0:14:29]} 40. h5 {[%clk 0:20:19]} Be8 {[%clk 0:13:28]} 41. Rh4
{[%clk 0:17:53]} Ra4 {[%clk 0:11:57]} 42. Bxe4 {[%clk 0:15:42]} dxe4
{[%clk 0:12:22]} 43. Kg3 {[%clk 0:13:50]} Ra2 {[%clk 0:12:51]} 44. Rxe4
{[%clk 0:12:19]} Bxh5 {[%clk 0:12:39]} 45. Rc4 {[%clk 0:12:06]} Rxb2
{[%clk 0:12:58]} 46. Rc7+ {[%clk 0:12:14]} Kd8 {[%clk 0:09:09]} 47. Rxg7
{[%clk 0:11:34]} Rxc2 {[%clk 0:09:28]} 48. Nd4 {[%clk 0:11:22]} Rc3+
{[%clk 0:09:44]} 49. Kf4 {[%clk 0:04:54]} Rc4 {[%clk 0:10:07]} 50. Ke3
{[%clk 0:05:18]} Bg6 {[%clk 0:10:34]} 51. Nxe6+ {[%clk 0:05:37]} Ke8
{[%clk 0:11:03]} 52. Nc7+ {[%clk 0:05:28]} Kf8 {[%clk 0:11:18]} 53. Ne6+
{[%clk 0:05:54]} Ke8 {[%clk 0:11:46]} 54. Nd4 {[%clk 0:03:56]} Rc3+
{[%clk 0:11:54]} 55. Kf2 {[%clk 0:03:43]} Rc5 {[%clk 0:12:10]} 56. e6
{[%clk 0:02:25]} Rxg5 {[%clk 0:12:06]} 57. Nc6 {[%clk 0:01:54]} Kf8
{[%clk 0:12:31]} 58. Ra7 {[%clk 0:01:16]} 1/2-1/2

[Event "1SM"]
[Site "Sharjah Chess Club"]
[Date "2017.03.31"]
[Round "9.16"]
[White "Bluebaum, Matthias"]
[Black "Asgarizadeh, Ahmad"]
[Result "1-0"]
[BlackElo "2410"]
[WhiteElo "2632"]
[LiveChessVersion "1.4.8"]

1. d4 {[%clk 1:40:57]} Nf6 {[%clk 1:39:49]} 2. c4 {[%clk 1:41:20]} e6
{[%clk 1:40:15]} 3. Nc3 {[%clk 1:40:14]} Bb4 {[%clk 1:40:37]} 4. Nf3
{[%clk 1:38:52]} b6 {[%clk 1:40:38]} 5. Qc2 {[%clk 1:38:19]} Bb7 {[%clk 1:40:46]}
6. a3 {[%clk 1:38:37]} Bxc3+ {[%clk 1:38:08]} 7. Qxc3 {[%clk 1:39:01]} d5
{[%clk 1:28:56]} 8. Bg5 {[%clk 1:31:45]} dxc4 {[%clk 1:28:36]} 9. Qxc4
{[%clk 1:29:55]} O-O {[%clk 1:28:43]} 10. Rc1 {[%clk 1:16:40]} c6
{[%clk 1:02:20]} 11. e4 {[%clk 1:00:25]} h6 {[%clk 1:00:33]} 12. Bh4
{[%clk 0:47:00]} g5 {[%clk 0:53:27]} 13. Nxg5 {[%clk 0:35:44]} hxg5
{[%clk 0:53:06]} 14. Bxg5 {[%clk 0:35:34]} Ba6 {[%clk 0:53:24]} 15. Qa4
{[%clk 0:34:42]} Bxf1 {[%clk 0:53:18]} 16. Rxf1 {[%clk 0:26:17]} Qc7
{[%clk 0:46:23]} 17. Bxf6 {[%clk 0:20:07]} Qf4 {[%clk 0:46:39]} 18. Rc3
{[%clk 0:20:19]} Qxf6 {[%clk 0:45:46]} 19. Rg3+ {[%clk 0:20:45]} Kh7
{[%clk 0:44:52]} 20. Qd1 {[%clk 0:16:25]} Nd7 {[%clk 0:39:23]} 21. Rf3
{[%clk 0:15:00]} Nb8 1-0

[Event "1SM"]
[Site "Sharjah Chess Club"]
[Date "2017.03.31"]
[Round "9.17"]
[White "Sunilduth Lyna, Narayanan"]
[Black "Bok, Benjamin"]
[Result "1/2-1/2"]
[BlackElo "2596"]
[WhiteElo "2526"]
[LiveChessVersion "1.4.8"]

1. d4 {[%clk 1:40:30]} Nf6 {[%clk 1:40:52]} 2. c4 {[%clk 1:40:58]} e6
{[%clk 1:41:14]} 3. Nf3 {[%clk 1:41:24]} b6 {[%clk 1:41:36]} 4. g3
{[%clk 1:41:51]} Ba6 {[%clk 1:41:57]} 5. Qc2 {[%clk 1:42:18]} c5 {[%clk 1:42:15]}
6. d5 {[%clk 1:42:43]} exd5 {[%clk 1:42:35]} 7. cxd5 {[%clk 1:43:10]} Bb7
{[%clk 1:42:56]} 8. Bg2 {[%clk 1:43:35]} Nxd5 {[%clk 1:43:18]} 9. O-O
{[%clk 1:44:02]} Nc6 {[%clk 1:43:16]} 10. Rd1 {[%clk 1:44:11]} Be7
{[%clk 1:43:37]} 11. Qa4 {[%clk 1:43:20]} Nf6 {[%clk 1:43:38]} 12. Nh4
{[%clk 1:43:46]} O-O {[%clk 1:43:56]} 13. Nf5 {[%clk 1:43:35]} d5
{[%clk 1:44:11]} 14. Nc3 {[%clk 1:44:00]} Nd4 {[%clk 1:44:32]} 15. Nxd4
{[%clk 1:43:12]} cxd4 {[%clk 1:44:49]} 16. Rxd4 {[%clk 1:43:34]} Bc5
{[%clk 1:45:11]} 17. Rd3 {[%clk 1:26:25]} Qe8 {[%clk 1:45:08]} 18. Be3
{[%clk 1:21:02]} Qxa4 {[%clk 1:41:59]} 19. Nxa4 {[%clk 1:21:24]} Bxe3
{[%clk 1:42:20]} 20. Rxe3 {[%clk 1:21:46]} d4 {[%clk 1:18:57]} 21. Rd3
{[%clk 1:20:05]} Bxg2 {[%clk 1:19:14]} 22. Kxg2 {[%clk 1:20:29]} Rfe8
{[%clk 1:16:47]} 23. Rxd4 {[%clk 0:52:10]} Rxe2 {[%clk 1:17:11]} 24. Rad1
{[%clk 0:52:29]} Kf8 {[%clk 1:09:57]} 25. R4d2 {[%clk 0:51:35]} 1/2-1/2